Programming languages by "Hello World" - Statistics

General Stats
  • This quiz has been taken 173 times
  • The average score is 7 of 16
Answer Stats
Picture Answer % Correct
C
95%
Python
95%
C++
93%
Java
86%
Javascript
73%
Assembly
66%
C#
66%
Rust
47%
COBOL
21%
Haskell
19%
Objective-C
18%
Ruby
17%
Odin
4%
Elixir
3%
Ocaml
3%
Jai
1%
No matching quizzes found
Score Distribution
Percent of People with Each Score
Percentile by Number Answered
Your Score History
You have not taken this quiz